00402cam a22001572 4500001001100000005001700011008004100028040001500069100003200084245002700116250001300143260004500156300001100201651002900212852000300241000000974820151217155843.0081125s xx 000 0 eng d aKABUcKABU1 aKirkman, James.@000014873610aGedi /cJames Kirkman. a7th ed. aNairobi :bMuseum Trust of Kenya,c1970. a16 p. 0aGedi, Kenya.@00001509471